| 000 | 01601cam a2200289 a 4500 | ||
|---|---|---|---|
| 999 |
_c17929 _d17929 |
||
| 001 | 15281694 | ||
| 005 | 20161130093414.0 | ||
| 008 | 080429s2008 nyuaf b 001 0 eng | ||
| 010 | _a 2008019767 | ||
| 020 | _a9780738211039 (alk. paper) | ||
| 040 |
_aDLC _cDLC _dDLC |
||
| 050 | 0 | 0 |
_aND623.L5D35 2008 _bD35 2008 |
| 082 | 0 | 0 | _222 |
| 100 | 1 | _aDavis, Margaret Leslie. | |
| 245 | 1 | 0 |
_aMona Lisa in Camelot : _bhow Jacqueline Kennedy and Da Vinci's masterpiece charmed and captivated a nation / _cMargaret Leslie Davis. |
| 260 |
_aNew York : _bDa Capo Press, _cc2008. |
||
| 300 |
_ax, 278 p., [16] p. of plates : _bill. ; _c22 cm. |
||
| 504 | _aIncludes bibliographical references (p. 259-262) and index. | ||
| 505 | 0 | _aArt enthusiasts -- Whispered promise -- Unexpected request -- Bombshell in the Louvre -- La Joconde must not leave -- Chat with the Mona Lisa -- Queenly voyage -- Director's inspection -- Evening to remember -- "Let them see a little Rembrandt, too" -- Manhattan falls in love -- City of light beckons -- Final bows. | |
| 600 | 0 | 0 |
_aLeonardo, _cda Vinci, _d1452-1519. _tMona Lisa. |
| 600 | 1 | 0 |
_aOnassis, Jacqueline Kennedy, _d1929-1994. |
| 650 | 0 |
_aArt _xExhibitions _xHistory _y20th century. |
|
| 856 | 4 | 1 |
_3Table of contents only _uhttp://www.loc.gov/catdir/toc/ecip0817/2008019767.html |
| 906 |
_a7 _bcbc _corignew _d1 _eecip _f20 _gy-gencatlg |
||
| 942 |
_2lcc _cBOOKS _hND623.L5D35 2008 |
||